The hitchhiker's guide to the galaxy : (Record no. 15870)
[ view plain ]
| 000 -LEADER | |
|---|---|
| fixed length control field | 03119nam a22004817a 4500 |
| 005 - DATE AND TIME OF LATEST TRANSACTION | |
| control field | 20080927154840.0 |
| 008 - FIXED-LENGTH DATA ELEMENTS--GENERAL INFORMATION | |
| fixed length control field | 080927t xxu||||| |||| 00| f eng d |
| 010 ## - LCCN (DPL NO) | |
| LC control number | B-310644-650 |
| 020 ## - INTERNATIONAL STANDARD BOOK NUMBER | |
| International Standard Book Number | 9780330316118 |
| Terms of availability | £4.99 382.23 |
| 020 ## - INTERNATIONAL STANDARD BOOK NUMBER | |
| Terms of availability | 395.00 |
| 035 ## - SYSTEM CONTROL NUMBER | |
| System control number | B-310644-650 |
| 035 ## - SYSTEM CONTROL NUMBER | |
| System control number | B-359016 |
| 037 ## - SOURCE OF ACQUISITION | |
| Source of stock number/acquisition | GDMK |
| 040 ## - CATALOGING SOURCE | |
| Original cataloging agency | dpl |
| Language of cataloging | English |
| 082 ## - DEWEY DECIMAL CLASSIFICATION NUMBER | |
| Classification number | N |
| 100 ## - MAIN ENTRY--PERSONAL NAME | |
| Personal name | Adams, Douglas |
| 245 ## - TITLE STATEMENT | |
| Title | The hitchhiker's guide to the galaxy : |
| Statement of responsibility, etc | by Douglas Adams |
| Remainder of title | a trilogy in four parts / |
| 260 ## - PUBLICATION, DISTRIBUTION, ETC. (IMPRINT) | |
| Place of publication, distribution, etc | London |
| Name of publisher, distributor, etc | Pan Books |
| Date of publication, distribution, etc | 1992 |
| 270 ## - ADDRESS | |
| Address | 20 New Wharf Road |
| City | London |
| Postal code | N1 9RR |
| 300 ## - PHYSICAL DESCRIPTION | |
| Extent | 590 p. |
| Dimensions | 21 cm. (pbk) |
| 490 ## - SERIES STATEMENT | |
| Series statement | The Hitchhiker series |
| 505 ## - FORMATTED CONTENTS NOTE | |
| Formatted contents note | Afterword: How it came to be : The hitchhiker's guide to the galaxy feature film / by Robbie Stamp. |
| 650 ## - SUBJECT ADDED ENTRY--TOPICAL TERM | |
| Topical term or geographic name as entry element | Prefect, Ford (Fictitious character) |
| Form subdivision | Fiction |
| 650 ## - SUBJECT ADDED ENTRY--TOPICAL TERM | |
| Topical term or geographic name as entry element | Dent, Arthur (Fictitious character) |
| Form subdivision | Fiction |
| 655 ## - INDEX TERM--GENRE/FORM | |
| Genre/form data or focus term | Humorous fiction. |
| Source of term | gsafd |
| 655 ## - INDEX TERM--GENRE/FORM | |
| Genre/form data or focus term | Science fiction. |
| Source of term | gsafd |
| 700 ## - ADDED ENTRY--PERSONAL NAME | |
| Personal name | Stamp, Robbie. |
| Numeration | The hitchhiker's guide to the galaxy feature film. |
| Title of a work | How it came to be |
| 740 ## - ADDED ENTRY--UNCONTROLLED RELATED/ANALYTICAL TITLE | |
| Uncontrolled related/analytical title | How it came to be |
| 856 ## - ELECTRONIC LOCATION AND ACCESS | |
| Materials specified | Contributor biographical information |
| Uniform Resource Identifier | <a href="http://www.loc.gov/catdir/enhancements/fy0665/2004116279-b.html">http://www.loc.gov/catdir/enhancements/fy0665/2004116279-b.html</a> |
| 856 ## - ELECTRONIC LOCATION AND ACCESS | |
| Materials specified | Publisher description |
| Uniform Resource Identifier | <a href="http://www.loc.gov/catdir/enhancements/fy0665/2004116279-d.html">http://www.loc.gov/catdir/enhancements/fy0665/2004116279-d.html</a> |
| 942 ## - ADDED ENTRY ELEMENTS (KOHA) | |
| Source of classification or shelving scheme | Dewey Decimal Classification |
| Item type | English Books |
| Classification part | N |
| Call number suffix | ADA |
| Withdrawn status | Lost status | Source of classification or shelving scheme | Damaged status | Not for loan | Collection code | Home library | Current library | Date acquired | Source of acquisition | Cost, normal purchase price | Total Checkouts | Full call number | Barcode | Date last seen | Copy number | Cost, replacement price | Koha item type | Total Renewals | Public note |
|---|---|---|---|---|---|---|---|---|---|---|---|---|---|---|---|---|---|---|---|
| Dewey Decimal Classification | Fiction | Central Library | Central Library | 20/04/2009 | GDMK /115 /12.1.09 /233 /12.12.08 /13.1.09 | 382.23 | 1 | N ADA | B-310644 | 18/04/2018 | 1 | 382.23 | English Books | ||||||
| Dewey Decimal Classification | Fiction | Janak Puri | Janak Puri | 01/10/2009 | GDMK/084/26.9.09/98/4.9.09/26.9.09 | 395.00 | 17 | N ADA | B-359016 | 28/06/2018 | 1 | 395.00 | English Books | 2 | |||||
| Written off | Dewey Decimal Classification | Fiction | Karol Bagh | Karol Bagh | 20/04/2009 | GDMK /115 /12.1.09 /233 /12.12.08 /13.1.09 | 382.23 | N ADA | B-310649 | 20/04/2009 | 1 | 382.23 | English Books | Written off on approval by DLB (By Circulation); dtd 15-06-2023 | |||||
| Dewey Decimal Classification | Fiction | Patel Nagar | Patel Nagar | 20/04/2009 | GDMK /115 /12.1.09 /233 /12.12.08 /13.1.09 | 382.23 | N ADA | B-310645 | 20/04/2009 | 1 | 382.23 | English Books | |||||||
| Dewey Decimal Classification | Fiction | R.K.Puram-8 | R.K.Puram-8 | 20/04/2009 | GDMK /115 /12.1.09 /233 /12.12.08 /13.1.09 | 382.23 | N ADA | B-310647 | 20/04/2009 | 1 | 382.23 | English Books | |||||||
| Dewey Decimal Classification | Fiction | Sarojini Nagar | Sarojini Nagar | 20/04/2009 | GDMK /115 /12.1.09 /233 /12.12.08 /13.1.09 | 382.23 | N ADA | B-310646 | 20/04/2009 | 1 | 382.23 | English Books | |||||||
| Dewey Decimal Classification | Fiction | Shahdara Branch | Shahdara Branch | 20/04/2009 | GDMK /115 /12.1.09 /233 /12.12.08 /13.1.09 | 382.23 | N ADA | B-310650 | 20/04/2009 | 1 | 382.23 | English Books | |||||||
| Dewey Decimal Classification | Fiction | Vinoba Puri | Vinoba Puri | 20/04/2009 | GDMK /115 /12.1.09 /233 /12.12.08 /13.1.09 | 382.23 | 15 | N ADA | B-310648 | 13/03/2020 | 1 | 382.23 | English Books | 8 |
